UBT Library

Decision support and executive information systems / (Record no. 1297)

000 -LEADER
fixed length control field 00498nam a22001577a 4500
008 - FIXED-LENGTH DATA ELEMENTS--GENERAL INFORMATION
fixed length control field 151015b xxu||||| |||| 00| 0 eng d
020 ## - INTERNATIONAL STANDARD BOOK NUMBER
International Standard Book Number 0132357895
041 0# - LANGUAGE CODE
Language code of text/sound track or separate title eng
080 ## - UNIVERSAL DECIMAL CLASSIFICATION NUMBER
Universal Decimal Classification number 658:004
245 00 - TITLE STATEMENT
Title Decision support and executive information systems /
Statement of responsibility, etc edited by Paul Gray,William R.King
260 ## -
-- 1994
-- Englewood Cliffs, N.J. :
-- Prentice Hall,
300 ## -
-- x, 469 f. :
-- me il.;
-- 24 cm.
650 #0 -
-- Menaxhimi i sistemeve të informacionit
700 1# -
-- Gray, Paul,
942 ## - ADDED ENTRY ELEMENTS (KOHA)
Source of classification or shelving scheme
Item type Books
Holdings
Withdrawn status Lost status Source of classification or shelving scheme Damaged status Not for loan Collection code Permanent location Current location Shelving location Date acquired Total Checkouts Full call number Barcode Date last seen Koha item type
          Koleksioni i përgjithshem UBT - Lipjan UBT - Lipjan Koleksioni i përgjithshem 10/27/2015   658:004 DEC 002-008661 10/27/2015 Books
UBT Library © 2015-2024. All rights reserved University Education for Business and Technology